00750nam a22002177a 450000500170000001000150001702000260003203500140005803700090007208200090008110000330009024500480012325000060017126000340017727000700021130000200028150000420030194200200034399900190036395201500038220260529144315.0 aENG-148681 a9789347590467c225.00 aEN-132213 bDBAD aN21 aNietzsche, Friedrich 989236 aBeyond Good and Evil/ cFriedrich Nietzsche a1 aChandigarhbThe Browserc2026 bChandigarhaSCO 14-15, Sector 8-Ce160009mservice@thebrowser.org a157p.c20cm(pb) aPrelude to a Philosophy of the Future 2ddccENhNmNIE c216402d216402 001040708FICaTNbTNd2026-05-29eDelivery of Books Act Divisiong225.00l0oN NIEpEN-132213r2026-05-29 14:43:38t 1v225.00w2026-05-29yEN